000 00548nam a2200205Ia 4500
003 OSt
005 20250716142517.0
008 210210b1996 xxu||||| |||| 00| 0 eng d
040 _cAL
041 _aKannada
082 _aK894.301 GANV
100 _aGANGA PADEKAL.
_dಗಂಗಾ ಪಾದೇಕಲ್
_9219016
245 _aVastava.
_bವಾಸ್ತವ.
260 _aHubballi
_bMahila Sahityika
_c1996
300 _axii,154
650 _aSanna Kategalu
_9219017
690 _aKannada Fiction
_9219018
906 _a052070
942 _2ddc
_cBK
999 _c100494
_d100494